000 00690nam a2200193Ia 4500
003 GCL
008 140319s9999 xx 000 0 ara d
040 _aGCL /
_cGCL
082 0 4 _a923.3
_bع م
100 1 _aعبدالعظيم رمضان
245 1 0 _aمذكرات ابراهيم الهلباوى: تاريخ حياة ابراهيم الهلباوى بك 1858 - 1940 /
_cعبدالعظيم رمضان
700 1 _aعصام ضياء الدين السيد
700 1 _aابراهيم الهلباوى
300 _a458 ص
490 _aالهيئة العامة للاستعلامات
_v0
650 0 4 _aالتراجم
650 0 4 _aابراهيم الهلباوى
942 _2ddc
_cBK
999 _c51808
_d51808